| 000 | 00811nam a2200241 i 4500 | ||
|---|---|---|---|
| 001 | 175621 | ||
| 003 | ES-MaACL | ||
| 005 | 20251120063149.0 | ||
| 007 | t| | ||
| 008 | 101111s1974 sp r ||||1| spa d | ||
| 020 | _a84-220-0703-7 | ||
| 080 | _a165 | ||
| 100 | 1 |
_aBalmes, Jaime, _d1810-1848 _925096 |
|
| 245 | 1 | 3 |
_aEl criterio / _cpor Jaime Balmes ; prólogo de Alberto Martín Artajo. |
| 260 |
_aMadrid : _bLa Editorial Católica, _c1974. |
||
| 300 |
_aXXXI, 299, [18] p. ; _c18 cm. |
||
| 490 | 1 |
_aBiblioteca de autores cristianos. Serie Minor ; _v34 |
|
| 650 | 4 |
_aEpistemología. _912338 |
|
| 700 | 1 |
_aMartín Artajo, Alberto, _d1905-1979 _9184516 |
|
| 830 | 0 | 0 |
_aBiblioteca de autores cristianos. _pMinor _v34 _9189814 |
| 852 |
_aES-MaACL _jE-13501 _xOlim P-1255 |
||
| 999 |
_c175621 _d175621 |
||